000 00488nam a2200157Ia 4500
008 160316s1993 xxu||||| |||| 00| 0 eng d
082 _a344.046000
_bLAN
100 _aLanier-Graham Susan D
245 _aThe ecology of war : Environmental impacts of weaponary and warfare
250 _a
260 _aNew York
_bWalker & Co.
_c1993
300 _a185p
_b185p*
_c
365 _bRs.175
650 _a1.Armed Forces - Environmental Aspects - U S A 2.Military Policy - U S A
700 _a
_a
999 _c12925
_d12925